000 00433nam a2200169Ia 4500
001 10834
008 140331s9999 xx 000 0 und d
020 _a981-210-012-1
040 _cPK-LaUMT
082 _a 307.0959
_bIND-
100 _aMani, A., J. Ed.
245 _aIndian communities in Southeast Asia
_cMani, A., J. Ed.<>Sandhu, K. S., Ed.
300 _a983 p.
546 _aEN
700 _aSandhu, K. S., Ed.
942 _cBK
999 _c11785
_d11785